000 02072nam0a2200397 4500
001 RU\NLR\bibl\263086
005 20260405200547.0
021 _aRU
_b2001-62999
_93070
035 _a(NLR Aleph) 000258715
090 _a1510902
_c1510902
100 _a20020426d2000 |||y0rusy50 ca
101 0 _arus
_aeng
102 _aRU
105 _ay |||||||||
200 1 _aИмена собственные, употребляемые как нарицательные в современном английском языке
_dWord-book of proper names used as common nouns
_eПособие по лексикологии англ. яз. для студентов яз. вузов
_fИ. Г. Дегтярь, О. Н. Прохорова, О. Д. Дворник
_gМ-во образования Рос. Федерации, Белгор. гос. ун-т
_zeng
210 _aБелгород
_cБелГУ
_d2000
215 _a145,[1] с.
_d21
300 _aАвт. также на англ. яз.: I.G. Degtyar, O.N. Prokhorova, O.D. Dvornic
510 1 _6z17790
_aWord-book of proper names used as common nouns
606 1 _aАнглийский язык
_jУчебные издания
_xЛексикология
_9967833
_3RU\NLR\auth\6643636
610 0 _aАнглийские имена собственные - Словари учебные
610 0 _aИмена нарицательные в английском языке - Словари учебные
675 _a811.111'367.622.12(075.8)
_v3
_zrus
686 _a81.2Англ-923
_2rubbk
686 _aШ143.21-93рус-3слов
686 _aШ143.21-491перев
700 1 _aДегтярь
_bИ. Г.
_4070
701 1 _4070
_8rus
_7ca
_aПрохорова
_bО. Н.
_f1954-
_cд-р филол. наук
_gОльга Николаевна
_3RU\NLR\auth\7788185
_971113
701 1 _aДворник
_bО. Д.
_4070
790 1 _6z17510
_aDegtjar'
_bI. G.
_4070
801 0 _aRU
_bRKP
_c20020426
_gPSBO
801 1 _aRU
_bRKP
_c20020426
801 2 _aRU
_bNLR
_c20100921
_grcr
942 _cBOOK
980 _aNB